Origen de los inquilinos de Chile central
Guardat en:
| Autor principal: | |
|---|---|
| Format: | Llibre |
| Idioma: | espanyol |
| Publicat: |
Santiago, Chile
ICIRA
1974
|
| Matèries: | |
| Etiquetes: |
Afegir etiqueta
Sense etiquetes, Sigues el primer a etiquetar aquest registre!
|
MARC
| LEADER | 00000nam a2200000 a 4500 | ||
|---|---|---|---|
| 001 | UCR0552 | ||
| 003 | CL-VaPUC | ||
| 005 | 20240313123608.0 | ||
| 008 | 971205e19740000CL |||||||||||||||||spa|d | ||
| 999 | |c 264053 |d 264051 | ||
| 040 | |c Pontificia Universidad Católica de Valparaíso | ||
| 082 | 0 | 4 | |a 983.03 GON 1974 |2 21 |
| 100 | |a Góngora del Campo, Mario |e autor |9 589641 | ||
| 245 | 1 | 0 | |a Origen de los inquilinos de Chile central |
| 260 | |a Santiago, Chile |b ICIRA |c 1974 | ||
| 300 | |a 160 páginas | ||
| 583 | |a last modification |c 20161003 11:53:56 |k Rodrigo Vera | ||
| 650 | 0 | |a Historia de Chile |9 265473 | |
| 650 | 0 | |a Epoca colonial |z CHILE |9 352022 | |
| 650 | 0 | |a REFORMA AGRARIA |z CHILE |9 256789 | |
| 650 | 7 | |a DERECHO AGRARIO |2 CL-VaPUC |9 321361 |z CHILE | |
| 650 | 7 | |a TENENCIA DE LA TIERRA |2 CL-VaPUC |9 264417 |z CHILE | |
| 650 | 0 | |a Derecho civil |z CHILE |9 255013 | |
| 852 | |a BIBCUR | ||
| 942 | |c BK |2 ddc | ||
| 945 | |d 19971205 00:00:00 |a cmena | ||
| 952 | |0 0 |1 0 |2 ddc |4 0 |6 983_030000000000000_GON_1974 |7 0 |8 DER_HDC |9 293643 |a BIBDER |b BIBDER |d 2019-11-19 |i 1908693 |o 983.03 GON 1974 |p 1908693 |r 2023-01-25 |t 1 |w 2019-11-19 |x Ubicación 4to Piso |y BK |z Estos recursos deben solicitarse con anticipación |k DER | ||
| 952 | |0 0 |1 0 |2 ddc |4 0 |6 983_030000000000000_GON_1974 |7 0 |8 A |9 293644 |a BIBHIS |b BIBHIS |d 2019-11-19 |i 1254634 |o 983.03 GON 1974 |p 1254634 |r 2025-01-20 |t 2 |w 2019-11-19 |y BK |k HIS | ||
| 952 | |0 0 |1 0 |2 ddc |4 0 |6 983_030000000000000_GON_1974 |7 0 |8 A |9 293645 |a BIBHIS |b BIBHIS |d 2019-11-19 |i 1254642 |l 2 |o 983.03 GON 1974 |p 1254642 |r 2025-01-20 |s 2023-11-23 |t 3 |w 2019-11-19 |y BK |k HIS | ||
| 952 | |0 0 |1 0 |2 ddc |4 0 |6 983_030000000000000_GON_1974 |7 0 |8 A |9 293646 |a BIBHIS |b BIBHIS |d 2019-11-19 |i 1254650 |o 983.03 GON 1974 |p 1254650 |r 2025-01-20 |t 4 |w 2019-11-19 |y BK |k HIS | ||
| 952 | |0 0 |1 0 |2 ddc |4 0 |6 983_030000000000000_GON_1974 |7 0 |8 A |9 293647 |a BIBHIS |b BIBHIS |d 2019-11-19 |i 1254669 |o 983.03 GON 1974 |p 1254669 |r 2025-01-20 |t 5 |w 2019-11-19 |y BK |k HIS | ||